DICTIONARY OF MATHEMATICS FOR SECONDARY SCHOOLS (Record no. 216652)

MARC details
000 -LEADER
fixed length control field 00433nam a22001577a 4500
008 - FIXED-LENGTH DATA ELEMENTS--GENERAL INFORMATION
fixed length control field 260225b |||||||| |||| 00| 0 eng d
020 ## - INTERNATIONAL STANDARD BOOK NUMBER
International Standard Book Number 978-9966-65-459-5
050 ## - LIBRARY OF CONGRESS CALL NUMBER
Classification number REF QA 5 .N528 2019
100 ## - MAIN ENTRY--PERSONAL NAME
Personal name NJURAI,EVERLYN W.
245 ## - TITLE STATEMENT
Title DICTIONARY OF MATHEMATICS FOR SECONDARY SCHOOLS
250 ## - EDITION STATEMENT
Edition statement 1ST EDITION
260 ## - PUBLICATION, DISTRIBUTION, ETC.
Place of publication, distribution, etc. NAIROBI
Name of publisher, distributor, etc. KENYA LITERATURE BUREAU
300 ## - PHYSICAL DESCRIPTION
Extent V,186P.
942 ## - ADDED ENTRY ELEMENTS (KOHA)
Source of classification or shelving scheme Library of Congress Classification
Koha item type Reference
Holdings
Withdrawn status Lost status Source of classification or shelving scheme Damaged status Not for loan Collection Home library Current library Shelving location Date acquired Inventory number Total checkouts Full call number Barcode Date last seen Copy number Price effective from Koha item type
    Library of Congress Classification     Reference Kisii University Library Kisii University Library On Display 02/25/2026 111131   REF QA 5 .N528 2019 A001033 02/25/2026 1 02/25/2026 Reference
    Library of Congress Classification     Reference Kisii University Library Kisii University Library On Display 02/25/2026 111132   REF QA 5 .N528 2019 A001036 02/25/2026 2 02/25/2026 Reference
    Library of Congress Classification     Reference Kisii University Library Kisii University Library On Display 02/25/2026 111133   REF QA 5 .N528 2019 A001035 02/25/2026 3 02/25/2026 Reference
    Library of Congress Classification     Reference Kisii University Library Kisii University Library On Display 02/25/2026 111134   REF QA 5 .N528 2019 A001038 02/25/2026 4 02/25/2026 Reference